000 00322nam a22001457a 4500
008 210322b ||||| |||| 00| 0 eng d
020 _a9780393008708
041 _aeng
080 _a101
082 _a101
100 _a24
101 _aFIL
245 _aThe Enlightenment an Interpretation
_cGay, P.
942 _2udc
_cBK
999 _c56631
_d56631